000 00904nmm a2200325 a 4500
003 AR-BaBNM
005 20251128203240.0
008 011101s1991 ||||||||||||||000 | spa||
020 _a84-499-6110-6
040 _cAR-BaBNM
100 1 _aFuentes de la Corte, Juan Luis
245 1 0 _aOrtografía práctica de la lengua española
250 _a14ª ed.
260 _aSantiago de Chile
_bBibliográfica Internacional
_c1991
300 0 _a215 p.
_bdiagr.
500 0 _aContiene índice temático
650 4 _aORTOGRAFIA
650 4 _aENSENANZA DE LA ORTOGRAFIA
650 4 _aFORMACION DE DOCENTES
650 4 _aENSENANZA DE LA ESCRITURA
650 4 _aDIDACTICA
650 4 _aLENGUA
650 4 _aMETODOS DE ENSENANZA
650 4 _aMORFOLOGIA [LINGUISTICA]
650 4 _aESCRITURA
653 0 _aEDUCACION PRIMARIA
653 0 _aEDUCACION SECUNDARIA
942 _cBK
998 _cSILVI
999 _c2565
_d2565